Private religious foundations in the Byzantine Empire

Αποθηκεύτηκε σε:
Λεπτομέρειες βιβλιογραφικής εγγραφής
Κύριος συγγραφέας: Thomas, John Philip
Μορφή: Βιβλίο
Γλώσσα:English
Δημοσίευση: Washington : Dumbarton Oaks , 1987.
Σειρά:Dumbarton Oaks studies ; 24
Θέματα:
Ετικέτες: Προσθήκη ετικέτας
Δεν υπάρχουν, Καταχωρήστε ετικέτα πρώτοι!

MARC

LEADER 00000cam a2200000 i 4500
001 1/12244
008 980224s1987 wau| ||| |||| ||eng||
020 |a 0884021645 
035 |1 ΠΑΡ  |a 1997  |l 10018554 
040 |a GR-MyUa  |b gre  |e AACR2 
041 0 |a eng 
082 7 |a 250.9495   |2 (22) 
100 0 |a Thomas, John Philip. 
245 1 0 |a Private religious foundations in the Byzantine Empire /   |c John Philip Thomas. 
260 |a Washington :   |b Dumbarton Oaks ,   |c 1987. 
300 |a 308 σ. ;   |c 24 εκ. 
490 1 |a  (Dumbarton Oaks studies ;   |v 24) 
504 |a Βιβλιογραφία: σ.277. Ευρετήριο. 
610 2 0 |a Orthodox Eastern Church  |z Byzantine Empire  |x History. 
650 0 |a Religious institutions  |z Byzantine Empire. 
651 0 |a Byzantine Empire  |x Church history. 
830 0 |a Dumbarton Oaks studies ;  |v 24 
852 |a INST  |b LESVOS  |e 19980224  |h 250.9495 THO  |p 005100015005  |q 005100015005  |t BK  |y 0 
950 |a 149-1996-07-16